000 00313nam a22001457a 4500
008 221102b ||||| |||| 00| 0 eng d
020 _a0818503424
041 _aeng
080 _a316
082 _a316 EVA
100 _a24.1
101 _aSOCI
245 _aESSENTIAL INTERVIEWING
_cEVANS D
942 _2udc
_cBK
999 _c58717
_d58717